Bl thaï actors #3 - Statistiques

Statistiques générales
  • Ce quiz a été pris 81 fois
  • Le résultat moyen est 12 sur 15
Statistiques - réponses
Par images Réponse % Correct
Est
95%
First
95%
William
95%
Khaotung
90%
Gemini
87%
Fourth
82%
Fort
79%
Nanon
76%
Ohm
74%
Bible
73%
Peat
71%
Prem
69%
Boun
68%
Nat
60%
Max
58%
Aucun quiz correspondant
Distribution des résultats
% des personnes avec chaque résultat
Percentile par nombre de réponses
Votre historique - résultats
Vous n’avez pas pris ce quiz